000
00184nam a2200085Ia 4500
008
120527s9999 xx 000 0 und d
100
_a
Dunca, et al
245
_a
Mathematics
942
_c
BK
999
_c
27776
_d
27776